[Event "ISR-chT"]
[Site "Israel"]
[Date "2024.02.10"]
[Round "6.10"]
[White "Ben Menachem, Itzhak"]
[Black "Mikhalevski, Victor"]
[Result "0-1"]
[WhiteElo "2281"]
[BlackElo "2512"]
[PlyCount "78"]
[EventDate "2024.01.10"]
[EventType "team-tourn"]
[EventRounds "11"]
[EventCountry "ISR"]
[SourceTitle "CBM 218 Extra"]
[Source "ChessBase"]
[SourceDate "2024.03.31"]
[SourceVersion "1"]
[SourceVersionDate "2024.03.31"]
[SourceQuality "1"]
[WhiteTeam "Herzliya Haim"]
[BlackTeam "Beer Sheva"]
[WhiteTeamCountry "ISR"]
[BlackTeamCountry "ISR"]

1. d4 Nf6 2. c4 c5 3. Nf3 cxd4 4. Nxd4 e5 5. Nb5 d5 6. cxd5 Bc5 7. N5c3 0-0 8. e3 Bf5 9. Be2 Nbd7 10. Nd2 Bb4 11. 0-0 Bxc3 12. bxc3 Nxd5 13. Bb2 Qb6 14. Qb3 Rfe8 15. Rfd1 Be6 16. c4 N5f6 17. Qxb6 axb6 18. Nf3 Bf5 19. Nh4 Bc2 20. Rd6 Ra4 21. g4 h6 22. Rd2 Be4 23. f3 Bc6 24. Nf5 Nc5 25. Nd6 Re6 26. h4 Ra8 27. Nf5 Nfd7 28. Kf2 Kh7 29. Bc3 f6 30. h5 Ree8 31. Rad1 e4 32. Nd6 exf3 33. Bxf3 Re6 34. Nxb7 Bxb7 35. Bxb7 Nxb7 36. Rxd7 Nc5 37. Kf3 Ra3 38. Bb4 Rexe3+ 39. Kf2 Rf3+ 0-1

[Event "ISR-ch 41st"]
[Site "Arad"]
[Date "2022.12.08"]
[Round "4"]
[White "Ben Menachem, Itzhak"]
[Black "Iliaguev, Nisim"]
[Result "0-1"]
[WhiteElo "2291"]
[BlackElo "2364"]
[PlyCount "192"]
[EventDate "2022.12.05"]
[EventType "swiss"]
[EventRounds "9"]
[EventCountry "ISR"]
[SourceTitle "CBM 211 Extra"]
[Source "ChessBase"]
[SourceDate "2023.01.31"]
[SourceVersion "1"]
[SourceVersionDate "2023.01.31"]
[SourceQuality "1"]

1. d4 Nf6 2. c4 c5 3. e3 g6 4. Nf3 Bg7 5. Nc3 0-0 6. Be2 cxd4 7. Nxd4 Nc6 8. 0-0 d6 9. h3 Bd7 10. b3 Rc8 11. Bb2 a6 12. Qd2 Qa5 13. Rfd1 Rfd8 14. Nf3 Be8 15. Rac1 e6 16. a3 Qb6 17. b4 Ne7 18. Qc2 a5 19. Qb3 axb4 20. axb4 d5 21. Nd2 Nf5 22. c5 Qc7 23. Nb5 Bxb5 24. Bxb5 h5 25. Nf3 Ne8 26. Bxg7 Nexg7 27. Qb2 b6 28. Bd3 bxc5 29. bxc5 Ne7 30. Ne5 Nc6 31. Nxc6 Qxc6 32. Qf6 Ne8 33. Qg5 Kg7 34. Rc2 Nf6 35. Rb1 d4 36. exd4 Rxd4 37. Bb5 Qe4 38. Rbc1 Rd5 39. Qe3 Qxe3 40. fxe3 Ne4 41. Be2 Rdxc5 42. Rxc5 Rxc5 43. Rxc5 Nxc5 44. h4 Ne4 45. Bf3 Ng3 46. Kf2 Nf5 47. g3 Kf6 48. Bd1 Ke5 49. Kf3 Nd6 50. Bb3 Ne4 51. Ba4 Nd2+ 52. Ke2 Nc4 53. Bb3 Na5 54. Ba4 Nc4 55. Bb3 Nb6 56. Kf3 Nd5 57. Ba4 Kf6 58. Be8 e5 59. Bc6 Nc7 60. Ba4 Ne6 61. Bc6 Nc5 62. Bd5 Ke7 63. Bc4 f6 64. Ba2 Kf8 65. Bb1 Kg7 66. Bc2 Nb7 67. Ke4 Nd6+ 68. Kd5 Nf7 69. Ke4 Nh6 70. Ba4 Nf5 71. Kf3 Nd6 72. Bb3 Kh6 73. Bd5 g5 74. hxg5+ fxg5 75. Be6 g4+ 76. Kf2 Kg5 77. Kg2 h4 78. gxh4+ Kxh4 79. Kh2 Ne4 80. Kg2 Nc3 81. Bb3 Ne4 82. Bd5 Nd6 83. Be6 Kg5 84. Kg3 Ne4+ 85. Kg2 Nc5 86. Bc8 Kh4 87. Bf5 Na4 88. Be6 Nc3 89. Bb3 g3 90. Be6 Nd1 91. e4 Ne3+ 92. Kf3 Nc2 93. Kg2 Ne1+ 94. Kf1 Nd3 95. Bc4 Nf4 96. Kg1 Kg4 0-1

[Event "ISR-chT"]
[Site "Israel"]
[Date "2020.01.18"]
[Round "4.6"]
[White "Steinberg, Nitzan"]
[Black "Ben Menachem, Itzhak"]
[Result "1-0"]
[WhiteElo "2542"]
[BlackElo "2316"]
[PlyCount "79"]
[EventDate "2020.01.10"]
[EventType "team-tourn"]
[EventRounds "11"]
[EventCountry "ISR"]
[SourceTitle "CBM 194 Extra"]
[Source "ChessBase"]
[SourceDate "2020.03.31"]
[SourceVersion "1"]
[SourceVersionDate "2020.03.31"]
[SourceQuality "1"]
[WhiteTeam "Beer Sheva Eliyahu Levant"]
[BlackTeam "Herzliya Atudat Haim"]
[WhiteTeamCountry "ISR"]
[BlackTeamCountry "ISR"]

1. e4 e5 2. Nf3 Nc6 3. Bb5 d6 4. d4 Bd7 5. Nc3 Nf6 6. 0-0 Be7 7. d5 Nb8 8. Bxd7+ Nbxd7 9. a4 0-0 10. a5 a6 11. Ra4 c6 12. Be3 Qc7 13. Nd2 cxd5 14. exd5 Rac8 15. Qe2 g6 16. Rfa1 Nh5 17. R1a3 Ng7 18. f3 Nf5 19. Bf2 Qb8 20. Rc4 Rxc4 21. Nxc4 Rc8 22. Rb3 Qc7 23. Rb4 Bf8 24. Ne4 Be7 25. Qd3 Nd4 26. c3 Nb5 27. Nb6 Nxb6 28. Bxb6 Qb8 29. c4 Nc7 30. Qb3 Ne8 31. Be3 Rc7 32. Rb6 f5 33. Nd2 Qc8 34. c5 Kg7 35. Nc4 Qd7 36. Qc3 Bf6 37. cxd6 Rc8 38. Qb4 Rb8 39. Rxa6 f4 40. Bc5 1-0

[Event "ISR-chT"]
[Site "Israel"]
[Date "2020.01.11"]
[Round "2.3"]
[White "Bakalchuk, Johnatan"]
[Black "Ben Menachem, Itzhak"]
[Result "1-0"]
[WhiteElo "2443"]
[BlackElo "2316"]
[PlyCount "99"]
[EventDate "2020.01.10"]
[EventType "team-tourn"]
[EventRounds "11"]
[EventCountry "ISR"]
[SourceTitle "CBM 194 Extra"]
[Source "ChessBase"]
[SourceDate "2020.03.31"]
[SourceVersion "1"]
[SourceVersionDate "2020.03.31"]
[SourceQuality "1"]
[WhiteTeam "Herzliya"]
[BlackTeam "Herzliya Atudat Haim"]
[WhiteTeamCountry "ISR"]
[BlackTeamCountry "ISR"]

1. c4 c5 2. Nf3 Nf6 3. g3 g6 4. Bg2 Bg7 5. Nc3 0-0 6. 0-0 Nc6 7. d3 d6 8. a3 Bd7 9. Rb1 a5 10. Ne1 Qc8 11. Nc2 Bh3 12. b4 axb4 13. axb4 b6 14. e4 Bxg2 15. Kxg2 Nd7 16. Bb2 cxb4 17. Nd5 e6 18. Bxg7 Kxg7 19. Ndxb4 Nxb4 20. Rxb4 d5 21. cxd5 exd5 22. Ne3 dxe4 23. dxe4 Qc6 24. Qd4+ f6 25. Rd1 Rf7 26. Qd6 Qxd6 27. Rxd6 Re8 28. g4 Re5 29. Rbd4 Nf8 30. Rxb6 h5 31. h3 hxg4 32. hxg4 Re6 33. Rdb4 Rxb6 34. Rxb6 Re7 35. f3 Nh7 36. Nd5 Ra7 37. Kg3 Ra3 38. Rb7+ Kh8 39. Kf4 Ra8 40. Ne7 Nf8 41. g5 Ne6+ 42. Kg4 Nxg5 43. Nxg6+ Kg8 44. e5 Nh7 45. e6 Re8 46. Kf5 Ra8 47. Ne7+ Kg7 48. Nd5+ Kh6 49. Rxh7+ Kxh7 50. Nxf6+ 1-0

[Event "ISR-chT 08"]
[Site "Israel"]
[Date "2008.05.30"]
[Round "11.4"]
[White "Sidorenko, Ilya"]
[Black "Ben Menachem, Itzhak"]
[Result "1-0"]
[WhiteElo "2320"]
[BlackElo "2324"]
[PlyCount "73"]
[EventDate "2007.12.26"]
[EventType "tourn"]
[EventRounds "11"]
[EventCountry "ISR"]
[SourceTitle "EXT 2009"]
[Source "ChessBase"]
[SourceDate "2008.11.26"]
[SourceVersion "1"]
[SourceVersionDate "2008.11.26"]
[SourceQuality "1"]
[WhiteTeam "Beer Sheva II"]
[BlackTeam "Herzliya"]
[WhiteTeamCountry "ISR"]
[BlackTeamCountry "ISR"]

1. e4 e5 2. Nf3 Nc6 3. Bb5 d6 4. 0-0 Nf6 5. d4 Bd7 6. Nc3 exd4 7. Nxd4 Be7 8. Bf4 Nxd4 9. Bxd7+ Nxd7 10. Qxd4 Bf6 11. Qb4 Nb6 12. Rad1 Qe7 13. a4 0-0 14. a5 Bxc3 15. bxc3 Nd7 16. Rfe1 Rab8 17. Bg3 Rfe8 18. f3 a6 19. Bf2 Ne5 20. Rd5 Nc6 21. Qa3 Qe6 22. c4 Ne7 23. Rd3 Nc6 24. c5 dxc5 25. Qxc5 f6 26. Bg3 Qf7 27. Red1 Re7 28. Rb1 Nd8 29. Qa7 Nc6 30. Rxb7 Ree8 31. Rxb8 Nxa7 32. Rdd8 h5 33. Rxe8+ Kh7 34. h4 Nc6 35. Rh8+ Kg6 36. f4 f5 37. Rbf8 1-0

[Event "EU-Cup 23rd"]
[Site "Kemer"]
[Date "2007.10.07"]
[Round "5.6"]
[White "Sisatto, Olli"]
[Black "Ben Menachem, Itzhak"]
[Result "0-1"]
[WhiteElo "2264"]
[BlackElo "2311"]
[PlyCount "74"]
[EventDate "2007.10.03"]
[EventType "team-swiss"]
[EventRounds "7"]
[EventCountry "TUR"]
[SourceTitle "CBM 121"]
[Source "ChessBase"]
[SourceDate "2007.11.14"]
[SourceVersion "1"]
[SourceVersionDate "2007.11.14"]
[SourceQuality "1"]
[WhiteTeam "Tampere"]
[BlackTeam "Herzliya"]
[WhiteTeamCountry "FIN"]
[BlackTeamCountry "ISR"]

1. e4 e5 2. Nf3 Nc6 3. Bb5 d6 4. d4 Bd7 5. 0-0 Nf6 6. Nc3 Be7 7. Re1 exd4 8. Nxd4 0-0 9. Bxc6 bxc6 10. Bg5 Re8 11. Qf3 h6 12. Bh4 Nh7 13. Bxe7 Qxe7 14. Rad1 Rab8 15. b3 Qg5 16. h3 Nf6 17. Nde2 Re7 18. Ng3 Rbe8 19. Re2 h5 20. Kh1 h4 21. Nf5 Re5 22. Ne3 Nh5 23. Nc4 R5e6 24. Qg4 Rg6 25. Qxg5 Rxg5 26. e5 d5 27. Ne4 Rf5 28. Nc5 Bc8 29. Na5 Nf4 30. Red2 Rfxe5 31. Nxc6 Rg5 32. Rd4 Nxg2 33. Rg1 Bxh3 34. Kh2 Re2 35. Kxh3 Rxf2 36. Nd3 Rg3+ 37. Kh2 Ne1+ 0-1

[Event "ISR-chT"]
[Site "Israel"]
[Date "2003.03.01"]
[Round "4"]
[White "Malachi, Avraham"]
[Black "Ben Menachem, Itzhak"]
[Result "1/2-1/2"]
[WhiteElo "2212"]
[BlackElo "2331"]
[PlyCount "26"]
[EventDate "2003.01.??"]
[EventType "team-tourn"]
[EventRounds "11"]
[EventCountry "ISR"]
[SourceTitle "EXT 2004"]
[Source "ChessBase"]
[SourceDate "2003.11.25"]
[SourceVersion "1"]
[SourceVersionDate "2003.11.25"]
[SourceQuality "1"]

1. e4 e5 2. Nf3 Nc6 3. Bb5 d6 4. d4 Bd7 5. Nc3 Nf6 6. 0-0 Be7 7. Re1 exd4 8. Nxd4 0-0 9. Bxc6 bxc6 10. Qf3 Re8 11. e5 dxe5 12. Nxc6 e4 13. Nxe7+ Qxe7 1/2-1/2

[Event "EU-Cup 17th"]
[Site "Panormo"]
[Date "2001.09.27"]
[Round "5.6"]
[White "Saastamoinen, Aarne"]
[Black "Ben Menachem, Itzhak"]
[Result "1/2-1/2"]
[WhiteElo "2180"]
[BlackElo "2331"]
[PlyCount "84"]
[EventDate "2001.09.22"]
[EventType "team-swiss"]
[EventRounds "7"]
[EventCountry "GRE"]
[SourceTitle "CBM 084 Extra"]
[Source "ChessBase"]
[SourceDate "2001.10.26"]
[SourceVersion "1"]
[SourceVersionDate "2001.10.26"]
[SourceQuality "1"]
[WhiteTeam "Joensuu SK"]
[BlackTeam "Herzliya"]
[WhiteTeamCountry "FIN"]
[BlackTeamCountry "ISR"]

1. e4 e5 2. Nf3 Nc6 3. Bb5 d6 4. d4 Bd7 5. 0-0 Nf6 6. Re1 exd4 7. e5 Nxe5 8. Nxe5 dxe5 9. Rxe5+ Be7 10. Qe2 Kf8 11. Bxd7 Nxd7 12. Rd5 Bf6 13. Bf4 Qe8 14. Qxe8+ Rxe8 15. Nd2 Nb6 16. Ra5 Nc8 17. Bxc7 Re6 18. Bf4 Ke7 19. f3 Rd8 20. Ne4 h6 21. Nxf6 Kxf6 22. Rd1 a6 23. Rc5 Ne7 24. Kf2 Nc6 25. h4 Rde8 26. Rd2 Re1 27. c3 d3 28. Rd5 R8e2+ 29. Rxe2 Rxe2+ 30. Kg3 Rxb2 31. a3 d2 32. Bxd2 Ke6 33. Rd3 h5 34. Bf4 Rb3 35. Rd6+ Ke7 36. Rd3 f6 37. Bd6+ Ke6 38. Bf8 g6 39. Bc5 Rb5 40. Bb4 a5 41. Bf8 Rb3 42. Bc5 Rb5 1/2-1/2

[Event "EU-Cup 17th"]
[Site "Panormo"]
[Date "2001.09.24"]
[Round "2.6"]
[White "Ben Menachem, Itzhak"]
[Black "Blaho, Stefan"]
[Result "1/2-1/2"]
[WhiteElo "2331"]
[BlackElo "2158"]
[PlyCount "27"]
[EventDate "2001.09.22"]
[EventType "team-swiss"]
[EventRounds "7"]
[EventCountry "GRE"]
[SourceTitle "CBM 084 Extra"]
[Source "ChessBase"]
[SourceDate "2001.10.26"]
[SourceVersion "1"]
[SourceVersionDate "2001.10.26"]
[SourceQuality "1"]
[WhiteTeam "Herzliya"]
[BlackTeam "Nove Zamky"]
[WhiteTeamCountry "ISR"]
[BlackTeamCountry "SVK"]

1. d4 Nf6 2. c4 d6 3. Nc3 Nbd7 4. e4 e5 5. Nf3 c6 6. Be2 Be7 7. 0-0 Qc7 8. Re1 Nf8 9. d5 Ng6 10. h3 0-0 11. Be3 c5 12. a3 h6 13. b4 b6 14. bxc5 1/2-1/2

[Event "EU-Cup 17th"]
[Site "Panormo"]
[Date "2001.09.23"]
[Round "1.6"]
[White "Ben Menachem, Itzhak"]
[Black "Kozul, Zdenko"]
[Result "0-1"]
[WhiteElo "2331"]
[BlackElo "2556"]
[PlyCount "57"]
[EventDate "2001.09.22"]
[EventType "team-swiss"]
[EventRounds "7"]
[EventCountry "GRE"]
[SourceTitle "CBM 084 Extra"]
[Source "ChessBase"]
[SourceDate "2001.10.26"]
[SourceVersion "1"]
[SourceVersionDate "2001.10.26"]
[SourceQuality "1"]
[WhiteTeam "Herzliya"]
[BlackTeam "Sarajevo Bosna"]
[WhiteTeamCountry "ISR"]
[BlackTeamCountry "BIH"]

1. d4 Nf6 2. Nf3 g6 3. g3 d5 4. Bg2 Bg7 5. c4 dxc4 6. Qa4+ Nfd7 7. 0-0 Nc6 8. Qxc4 Nb6 9. Qc2 Bg4 10. e3 0-0 11. h3 Be6 12. Bd2 a5 13. Nc3 Nb4 14. Qc1 Qc8 15. Kh2 Bc4 16. Rd1 Nd3 17. Qc2 Nxf2 18. Rg1 Bd3 19. Qb3 Ne4 20. Nd5 Nxd5 21. Qxd3 Nxd2 22. Nxd2 c6 23. a3 e6 24. e4 Nc7 25. Nc4 Qd8 26. e5 Nd5 27. Rad1 a4 28. Rge1 Qc7 29. h4 0-1

[Event "Budapest FS09 IM-B"]
[Site "Budapest"]
[Date "1993.??.??"]
[Round "?"]
[White "Eperjesi, Laszlo"]
[Black "Ben Menachem, Itzhak"]
[Result "0-1"]
[WhiteElo "2315"]
[BlackElo "2315"]
[PlyCount "32"]
[EventDate "1993.09.??"]
[EventType "tourn"]
[EventRounds "9"]
[EventCountry "HUN"]
[EventCategory "2"]
[SourceTitle "EXT 1997"]
[Source "ChessBase"]
[SourceDate "1996.11.15"]
[SourceVersion "1"]
[SourceVersionDate "1996.11.15"]
[SourceQuality "1"]

1. d4 d5 2. c4 dxc4 3. Nf3 Nf6 4. e3 e6 5. Bxc4 c5 6. 0-0 a6 7. a4 cxd4 8. exd4 Nc6 9. Nc3 Be7 10. Re1 0-0 11. Bg5 Nb4 12. Ne5 Nfd5 13. Bxe7 Nxe7 14. Ra3 b6 15. Qd2 a5 16. Ne4 Nf5 0-1

[Event "Budapest FS09 IM-B"]
[Site "Budapest"]
[Date "1993.??.??"]
[Round "?"]
[White "Portisch, Ferenc"]
[Black "Ben Menachem, Itzhak"]
[Result "1/2-1/2"]
[WhiteElo "2405"]
[BlackElo "2315"]
[PlyCount "43"]
[EventDate "1993.09.??"]
[EventType "tourn"]
[EventRounds "9"]
[EventCountry "HUN"]
[EventCategory "2"]
[SourceTitle "EXT 1997"]
[Source "ChessBase"]
[SourceDate "1996.11.15"]
[SourceVersion "1"]
[SourceVersionDate "1996.11.15"]
[SourceQuality "1"]

1. d4 d5 2. Nf3 c5 3. c4 dxc4 4. e3 Nf6 5. Bxc4 e6 6. 0-0 a6 7. Qe2 b5 8. Bb3 Bb7 9. a4 c4 10. Bc2 Nc6 11. axb5 axb5 12. Rxa8 Qxa8 13. Nc3 Qa5 14. e4 Nb4 15. d5 Nxc2 16. Qxc2 b4 17. Nd1 exd5 18. exd5 Nxd5 19. Re1+ Be7 20. Qf5 Qd8 21. Ng5 Nf6 22. Qb5+ 1/2-1/2

[Event "Ramat Hasharon"]
[Site "Ramat Hasharon"]
[Date "1993.??.??"]
[Round "2"]
[White "Timanin, Boris"]
[Black "Ben Menachem, Itzhak"]
[Result "1/2-1/2"]
[WhiteElo "2355"]
[BlackElo "2315"]
[PlyCount "68"]
[EventDate "1993.??.??"]
[EventType "tourn"]
[EventRounds "9"]
[EventCountry "ISR"]
[SourceTitle "EXT 1998"]
[Source "ChessBase"]
[SourceDate "1997.11.17"]
[SourceVersion "1"]
[SourceVersionDate "1997.11.17"]
[SourceQuality "1"]

1. d4 d5 2. Nc3 Nf6 3. Bg5 Nbd7 4. e3 e6 5. f4 c5 6. Nf3 Qa5 7. Bxf6 Nxf6 8. Bb5+ Bd7 9. Bxd7+ Nxd7 10. 0-0 Be7 11. Ne5 cxd4 12. exd4 Nxe5 13. fxe5 0-0 14. Ne2 b5 15. Nf4 Bg5 16. a3 Qb6 17. c3 g6 18. Qg4 Qd8 19. Rf3 Qe7 20. Raf1 a5 21. Nd3 Rac8 22. Rg3 Bh6 23. h4 Rc7 24. h5 Rfc8 25. Rf6 Qf8 26. hxg6 hxg6 27. Rh3 Kg7 28. Rff3 Qe7 29. Rf6 Rh8 30. Rhf3 Qe8 31. Nc5 Re7 32. g3 Kg8 33. Kg2 Bg7 34. R6f4 Bh6 1/2-1/2

[Event "Ramat Hasharon"]
[Site "Ramat Hasharon"]
[Date "1993.??.??"]
[Round "4"]
[White "Zifroni, Dov"]
[Black "Ben Menachem, Itzhak"]
[Result "0-1"]
[WhiteElo "2395"]
[BlackElo "2315"]
[PlyCount "86"]
[EventDate "1993.??.??"]
[EventType "tourn"]
[EventRounds "9"]
[EventCountry "ISR"]
[SourceTitle "EXT 1998"]
[Source "ChessBase"]
[SourceDate "1997.11.17"]
[SourceVersion "1"]
[SourceVersionDate "1997.11.17"]
[SourceQuality "1"]

1. e4 e5 2. Nf3 Nc6 3. Nc3 Nf6 4. d4 exd4 5. Nxd4 Bb4 6. Nxc6 bxc6 7. Bd3 d5 8. exd5 cxd5 9. 0-0 0-0 10. Bg5 c6 11. Na4 h6 12. Bh4 Re8 13. c4 Be7 14. Re1 Be6 15. cxd5 cxd5 16. Rc1 Rb8 17. a3 a5 18. Re2 Nd7 19. Bg3 Rb7 20. Qe1 Bf6 21. Rc6 Nf8 22. Rd6 Rd7 23. Ra6 Rde7 24. Bd6 Rb7 25. Qxa5 Qxa5 26. Rxa5 Rc8 27. h3 d4 28. b4 Rc1+ 29. Kh2 Rd7 30. Bf4 Rd1 31. Nc5 Rd8 32. Rd2 Ra1 33. Be4 g5 34. Nxe6 Nxe6 35. Bg3 Rc8 36. Rc2 Rd8 37. Rd2 h5 38. Ra6 h4 39. Bd6 Rxd6 40. Ra8+ Kg7 41. a4 Rb6 42. b5 Nc5 43. Bd5 Rxa4 0-1

[Event "Ramat Hasharon"]
[Site "Ramat Hasharon"]
[Date "1992.??.??"]
[Round "1"]
[White "Ben Menachem, Itzhak"]
[Black "Haimovich, Tal"]
[Result "1/2-1/2"]
[WhiteElo "2305"]
[BlackElo "2255"]
[PlyCount "51"]
[EventDate "1992.??.??"]
[EventType "tourn"]
[EventRounds "11"]
[EventCountry "ISR"]
[EventCategory "4"]
[SourceTitle "EXT 1997"]
[Source "ChessBase"]
[SourceDate "1996.11.15"]
[SourceVersion "1"]
[SourceVersionDate "1996.11.15"]
[SourceQuality "1"]

1. d4 Nf6 2. Nf3 e6 3. c4 d5 4. g3 Bb4+ 5. Bd2 Be7 6. Bg2 0-0 7. 0-0 Nbd7 8. Nc3 c6 9. Qc2 b6 10. Ne5 Nxe5 11. dxe5 Nd7 12. f4 Ba6 13. cxd5 cxd5 14. Be3 Rc8 15. Rfd1 Rc4 16. Bd4 Nb8 17. e3 Qc8 18. Qf2 g6 19. g4 Rd8 20. f5 Bf8 21. Rac1 Bg7 22. Bf1 Rc7 23. Bxa6 Nxa6 24. Ne2 Rxc1 25. Rxc1 Qd7 26. f6 1/2-1/2

[Event "Ramat Hasharon"]
[Site "Ramat Hasharon"]
[Date "1992.??.??"]
[Round "3"]
[White "Shabtai, Ran"]
[Black "Ben Menachem, Itzhak"]
[Result "1-0"]
[WhiteElo "2320"]
[BlackElo "2305"]
[PlyCount "155"]
[EventDate "1992.??.??"]
[EventType "tourn"]
[EventRounds "11"]
[EventCountry "ISR"]
[EventCategory "4"]
[SourceTitle "EXT 1997"]
[Source "ChessBase"]
[SourceDate "1996.11.15"]
[SourceVersion "1"]
[SourceVersionDate "1996.11.15"]
[SourceQuality "1"]

1. Nf3 Nf6 2. c4 c5 3. Nc3 Nc6 4. e3 e6 5. d4 d5 6. cxd5 exd5 7. Be2 a6 8. 0-0 Bd6 9. dxc5 Bxc5 10. b3 0-0 11. Bb2 Ba7 12. Rc1 Re8 13. Rc2 Be6 14. Rd2 Qe7 15. Qb1 Rad8 16. Rfd1 h6 17. h3 Rd7 18. Bd3 d4 19. exd4 Nxd4 20. Nxd4 Bxd4 21. Bh7+ Nxh7 22. Rxd4 Rxd4 23. Rxd4 Qg5 24. Ne4 Qg6 25. Qd3 Ng5 26. Ng3 Qxd3 27. Rxd3 f6 28. f4 Nf7 29. Nh5 Kh7 30. Bxf6 Bf5 31. Rg3 g6 32. Bc3 Rc8 33. Nf6+ Kg7 34. Nd5+ Kf8 35. Bb4+ Kg7 36. Ne7 Rc1+ 37. Kh2 Be4 38. Nxg6 Bxg6 39. f5 Ng5 40. fxg6 Ne4 41. Re3 Nf6 42. Re7+ Kxg6 43. Rxb7 Nd5 44. Bf8 Rc2 45. a4 h5 46. Rg7+ Kf6 47. Rg3 Kf5 48. Bh6 Ke4 49. Rg6 a5 50. Ra6 Rb2 51. Rxa5 Rxb3 52. Bg5 Ra3 53. Ra7 Nc3 54. a5 Nb5 55. Rb7 Nd4 56. Bd8 Ra2 57. Rh7 Ne6 58. Bb6 Nf4 59. Rg7 Kf5 60. h4 Ng6 61. Bd8 Rd2 62. Bg5 Ra2 63. Ra7 Ne5 64. Kg1 Ng4 65. Kf1 Nh2+ 66. Ke1 Rxg2 67. Rf7+ Kg4 68. Rf2 Rg1+ 69. Ke2 Ra1 70. Rxh2 Rxa5 71. Rf2 Ra2+ 72. Ke3 Ra3+ 73. Ke4 Ra4+ 74. Ke5 Ra5+ 75. Kf6 Ra6+ 76. Kg7 Ra7+ 77. Kg6 Ra6+ 78. Rf6 1-0

[Event "Ramat Hasharon"]
[Site "Ramat Hasharon"]
[Date "1990.??.??"]
[Round "?"]
[White "Ben Menachem, Itzhak"]
[Black "Davies, Nigel Rodney"]
[Result "0-1"]
[WhiteElo "2290"]
[BlackElo "2475"]
[PlyCount "97"]
[EventDate "1990.??.??"]
[EventType "tourn"]
[EventRounds "11"]
[EventCountry "ISR"]
[EventCategory "4"]
[SourceTitle "EXT 2003"]
[Source "ChessBase"]
[SourceDate "2002.11.25"]
[SourceVersion "1"]
[SourceVersionDate "2002.11.25"]
[SourceQuality "1"]

1. d4 d6 2. Nf3 g6 3. g3 Bg7 4. Bg2 Nf6 5. 0-0 0-0 6. Nc3 Nc6 7. d5 Nb4 8. e4 c5 9. h3 Rb8 10. Re1 Nd7 11. Bf4 f6 12. Bf1 Ne5 13. Nd2 Bd7 14. a4 Nf7 15. Nb5 Ra8 16. c3 Na6 17. Be3 Qc8 18. Kh2 Ng5 19. f4 Nxh3 20. Bg2 Kh8 21. Qe2 g5 22. f5 g4 23. Qxg4 Ng5 24. Bxg5 fxg5 25. Qxg5 Qe8 26. Nf3 Rg8 27. Qf4 Qh5+ 28. Bh3 Bh6 29. Qh4 Qxf3 30. Qxh6 Qxg3+ 31. Kh1 Rg5 32. Rg1 Qf3+ 33. Rg2 Rag8 34. Rag1 Qxe4 35. Nxd6 exd6 36. Qxd6 Rxg2 37. Rxg2 Rxg2 38. Bxg2 Qxf5 39. Qe7 h6 40. b4 cxb4 41. cxb4 Nc7 42. b5 b6 43. Qd8+ Ne8 44. Kg1 Qf7 45. a5 bxa5 46. Qxa5 Bf5 47. Qd8 Kg7 48. Qb8 Qe7 49. b6 0-1

[Event "Ramat Hasharon"]
[Site "Ramat Hasharon"]
[Date "1990.??.??"]
[Round "?"]
[White "Carmel, Ephraim"]
[Black "Ben Menachem, Itzhak"]
[Result "1/2-1/2"]
[WhiteElo "2310"]
[BlackElo "2290"]
[PlyCount "87"]
[EventDate "1990.??.??"]
[EventType "tourn"]
[EventRounds "11"]
[EventCountry "ISR"]
[EventCategory "4"]
[SourceTitle "EXT 2003"]
[Source "ChessBase"]
[SourceDate "2002.11.25"]
[SourceVersion "1"]
[SourceVersionDate "2002.11.25"]
[SourceQuality "1"]

1. e4 e5 2. Nf3 Nc6 3. Bb5 g6 4. c3 Nge7 5. d4 exd4 6. cxd4 d5 7. e5 Bg7 8. 0-0 0-0 9. Bg5 h6 10. Bh4 g5 11. Bg3 Bg4 12. Qd3 Qc8 13. Nbd2 Nd8 14. h4 Ne6 15. hxg5 hxg5 16. Rac1 Ng6 17. Qe3 Bh6 18. Nh2 Bh5 19. f3 Nef4 20. Be1 g4 21. fxg4 Bxg4 22. Nxg4 Qxg4 23. Rf2 Kg7 24. Be2 Nxe2+ 25. Qxe2 Qxd4 26. Nb3 Qe4 27. Rxc7 Rac8 28. Qxe4 dxe4 29. Rxc8 Rxc8 30. Re2 e3 31. Bc3 Re8 32. Nd4 Kg8 33. Nf5 Bg5 34. Nd6 Re7 35. Ne4 Bf4 36. Nf6+ Kh8 37. Nd5 Re6 38. Nxf4 Nxf4 39. Rxe3 Nd5 40. Rh3+ Kg7 41. Bd4 b6 42. Rg3+ Kf8 43. Kf2 Nb4 44. Rc3 1/2-1/2

[Event "EU-chT (Men) 09th"]
[Site "Haifa"]
[Date "1989.??.??"]
[Round "1.3"]
[White "Ben Menachem, Itzhak"]
[Black "Blatny, Pavel"]
[Result "1/2-1/2"]
[WhiteElo "2285"]
[BlackElo "2470"]
[PlyCount "84"]
[EventDate "1989.11.23"]
[EventType "team-swiss"]
[EventRounds "9"]
[EventCountry "ISR"]
[SourceTitle "EU-chT"]
[Source "ChessBase"]
[SourceDate "1999.07.01"]
[SourceVersion "2"]
[SourceVersionDate "1999.07.01"]
[SourceQuality "1"]
[WhiteTeam "Israel II"]
[BlackTeam "Czechoslovakia"]
[WhiteTeamCountry "ISR"]
[BlackTeamCountry "CSR"]

1. d4 Nf6 2. c4 e6 3. g3 d5 4. Bg2 dxc4 5. Nf3 Be7 6. 0-0 0-0 7. Qc2 a6 8. a4 c5 9. dxc5 Bxc5 10. Nbd2 Nc6 11. Nxc4 Qe7 12. Nfe5 Nxe5 13. Nxe5 Nd5 14. Bd2 Qc7 15. Rac1 Qxe5 16. Qxc5 Qxb2 17. e4 Qxd2 18. exd5 exd5 19. Bxd5 a5 20. Rfe1 Bg4 21. Bxb7 Rad8 22. Qc3 Qxc3 23. Rxc3 Rfe8 24. Rxe8+ Rxe8 25. Kg2 Bd7 26. Rc5 Bxa4 27. Rxa5 Bd7 28. Ra8 Rxa8 29. Bxa8 Kf8 30. Kf3 Ke7 31. Bd5 f6 32. Ke4 Kd6 33. Kd4 h6 34. f4 Bc8 35. Bc4 Bb7 36. Bb3 Bc6 37. Bc4 Bd7 38. Bf7 Bf5 39. Bb3 Bc8 40. Bg8 Bb7 41. Bc4 Bg2 42. Bb3 Bf3 1/2-1/2

[Event "EU-chT (Men) 09th"]
[Site "Haifa"]
[Date "1989.??.??"]
[Round "5.3"]
[White "Ben Menachem, Itzhak"]
[Black "Hoffmann, Regis"]
[Result "1-0"]
[WhiteElo "2285"]
[BlackElo "2205"]
[PlyCount "47"]
[EventDate "1989.11.23"]
[EventType "team-swiss"]
[EventRounds "9"]
[EventCountry "ISR"]
[SourceTitle "EU-chT"]
[Source "ChessBase"]
[SourceDate "1999.07.01"]
[SourceVersion "2"]
[SourceVersionDate "1999.07.01"]
[SourceQuality "1"]
[WhiteTeam "Israel II"]
[BlackTeam "Luxembourg"]
[WhiteTeamCountry "ISR"]
[BlackTeamCountry "LUX"]

1. d4 d5 2. Nf3 c6 3. c4 Nf6 4. Nc3 g6 5. cxd5 cxd5 6. g3 Bg7 7. Bg2 0-0 8. 0-0 Nc6 9. Ne5 e6 10. f4 Bd7 11. Be3 Rc8 12. Rc1 Ne8 13. Bf2 f6 14. Nxd7 Qxd7 15. e4 Ne7 16. exd5 exd5 17. Nxd5 Nd6 18. Qb3 Kh8 19. Nxe7 Qxe7 20. d5 f5 21. Bxa7 b6 22. Bxb6 Rb8 23. Rfe1 Ne4 24. Bxe4 1-0